富山県の難読地名 30コ - Statistics

General Stats
  • This quiz has been taken 37 times
  • The average score is 5 of 30
Answer Stats
漢字 回答 % Correct
石動町(小矢部市) いするぎまち
83%
芦峅寺(立山町) あしくらじ
59%
総曲輪(富山市) そうがわ
52%
五十里(高岡市、入善町) いかり
41%
婦負(富山市) ねい
38%
宿坊(富山市) すくぼう
24%
戸破(射水市) ひばり
17%
湯神子(上市町) ゆのみこ
17%
熊野道(富山市) やんど
14%
沢連(富山市) そうれ
14%
三女子(高岡市) さんよし
14%
頼成(砺波市) らんじょう
14%
平等(富山市) だいら
10%
眼目(上市町) さっか
10%
大平(朝日町) だいら
10%
翠尾(富山市) みすお
7%
魚躬(滑川市) うおのみ
7%
東坂下(富山市) さこぎ
3%
城生(富山市) じょうのう
3%
鼡谷(富山市) よめだに
3%
地角(富山市) じかく
3%
山女(魚津市) あけび
3%
浅谷(砺波市) あさんたに
3%
半屋(立山町) なかりや
3%
下山(入善町) にざやま
3%
東狐(入善町) とっこ
3%
五十辺(高岡市) いからべ
0%
蒲田(氷見市) かわた
0%
神谷(黒部市) こんたに
0%
下田(立山町) みさだ
0%
No matching quizzes found
Score Distribution
Percent of People with Each Score
Percentile by Number Answered
Your Score History
You have not taken this quiz